01320nam a2200349 a 4500001001200000003000800012006001900020007001500039008004100054020001500095020001500110040002100125035002100146050002400167100002300191245008000214250001200294260005400306300002300360500004100383504006400424533015200488546001300640650002700653650003100680650003300711650003700744655002900781710001700810856012600827999001700953ebr10015835CaPaEBRm u cr cn|||||||||000313s2000 enka sb 001 0 eng d z184150002X z1841508381 aCaPaEBRcCaPaEBR a(OCoLC)61451989814aPN1996b.F75 2000eb1 aFriedmann, Julian.10aHow to make money scriptwritingh[electronic resource] /cJulian Friedmann. a2nd ed. aExeter, Eng. ;aPortland, OR :bIntellect,c2000. aiv, 219 p. :bill. aPrevious ed.: London: Boxtree, 1995. aIncludes bibliographical references (p. 212-214) and index. aElectronic reproduction.bPalo Alto, Calif. :cebrary,d2013.nAvailable via World Wide Web.nAccess may be limited to ebrary affiliated libraries. aEnglish. 0aTelevision authorship. 0aMotion picture authorship. 0aTelevision playsxMarketing. 0aMotion picture playsxMarketing. 7aElectronic books.2local2 aebrary, Inc.40uhttp://site.ebrary.com/lib/rucke/Doc?id=10015835zAn electronic book accessible through the World Wide Web; click to view c10676d10676